Responses for Show #5726 - Monday, June 29, 2009

Contestants

[<< previous game]

Kelani Chan, an investment relations associate from Washington, D.C.

David Starr, an elementary school principal from Coquitlam, British Columbia

Tui Sutherland, a children's book author from Watertown, Massachusetts (whose 1-day cash winnings total $23,600)

[next game >>]

Jeopardy! Round responses

IN THE BIBLE
GET YOUR FACTS STRAIGHT
RIDE ON
SEX & THE KITTY
POISON IVY, OAK & SUMAC
12-LETTER WORDS
    $200 2
the earth

David
    $200 13
Borat

Kelani
    $200 10
railroad (or locomotive)

Tui :)
    $200 19
morning sickness

Kelani
    $200 7
rash

Tui :)
    $200 1
penitentiary

David
    $400 3
(David: What are serpents?)

thieves

Tui :)David
    $400 14
Flavor Flav

Triple Stumper
    $400 11
a tank

David
    $400 20
queen

Tui :)
    $400 9
red

Triple Stumper
    $400 8
commencement

David
    $600 4
Latin, Hebrew & Greek

Kelani
    $600 15
Benjamin Button

Tui :)
    $600 12
a bull

David
    $600 21
spaying

Tui :)
    $600 24
(Alex: It can stay there for [*], in fact, even decades.)

years

Triple Stumper
    $600 26
(Tui: What is a neurologist?)

a neurosurgeon

Tui :)David
    $800 5
Samson

Tui :)
    $800 16
MC Hammer

David
    $800 17
a helicopter

Tui :)
    $800 22
artificial insemination

David
    $800 25
the sap

Tui :)
    $1,200 29
intermittent

Tui :)
    $1000 6
idols (or graven images)

Kelani
    $1000 18
Erik Estrada

David
    $1000 23
(Alex: If it's just for pleasure, you don't need a license for your [*].)

a submarine

Triple Stumper
    $1000 27
a caterwaul

Triple Stumper
    $1000 28
wings (or feathers)

Tui :)
    $1000 30
electrolysis

Tui :)

Scores at the first commercial break (after clue 15):

Tui :) David Kelani
$2,200 $1,400 $1,800

Scores at the end of the Jeopardy! Round:

Tui :) David Kelani
$7,400 $4,600 $2,000

Double Jeopardy! Round responses

AN ALLOCATION OF ALLITERATION
TIM TIME
PRESIDENTIAL QUOTES
4-LETTER RIVERS
SHAKESPEARE WITH A TWIST
"R" WAY
    $400 20
a landline

David
    $400 10
(Alex: It wasn't Tom Hanks. It was [*].)

Tim Allen

Triple Stumper
    $400 8
Kennedy

David
    $400 1
the Ohio

Tui :)
    $400 4
Ophelia

Tui :)
    $400 2
Resident Evil

Tui :)
    $800 21
cold cases

Tui :)
    $800 15
Tim Burton

David
    $800 9
FDR

David
    $800 11
the Nile

David
    $800 22
Electric Light Orchestra

Tui :)
    $800 3
Rolls-Royce

David
    $1200 26
(David: What is a Mystery play?)

a Passion play

DavidKelani
    $1200 16
Tim Daly

Tui :)
    $1200 17
LBJ

Tui :)
    $1200 12
the Gila

David
    $1200 23
Nothing

David
    $1200 5
rotisserie

Tui :)
    $1600 27
factory farms

Triple Stumper
    $1600 29
Tim Roth

Triple Stumper
    $1600 18
Teddy Roosevelt

Tui :)
    $4,000 13
(David: [Whispers] White color.)
(Alex: Nothing coming?)
(David: No.)
(Alex: Oh. Don't hate yourself. What is [*] River?)
[David groans.]
(Alex: 4-letter river--[*], white color.)

the Milk

David
    $1600 24
Measure for Measure

Tui :)
    $1600 6
a rudder

Tui :)
    $2000 28
(David: What is salami?)

summer sausage

DavidKelani
    $2000 30
(Tui: Who is Tim Robbins?)

Tim Hutton

Tui :)
Triple Stumper
    $2000 19
(David: Who is Harrison?)
(Alex: Which one?)

William Henry Harrison

David
    $2000 14
the Oder

David
    $4,000 25
Twelfth Night

Tui :)
    $2000 7
rainbow

David

Scores at the end of the Double Jeopardy! Round:

Tui :) David Kelani
$20,600 $9,800 $5,200
(lock game)

[wagering suggestions for these scores]

Final Jeopardy! Round responses

THE BEATLES
(Alex: But they weren't demonstrating "[*]". It was "N", "V", "U", "J", because "[*]" didn't look particularly aesthetically pleasing on the cover.)
KelaniWhat is Yellow Submarine?
$3,000
DavidWhat is Help
$400
Tui :)What is Help?
$0
Help!

Final scores:

Tui :) David Kelani
$20,600 $10,200 $2,200
2-day champion: $44,200 2nd place: $2,000 3rd place: $1,000

Game dynamics:

Coryat scores:

Tui :) David Kelani
$18,200 $13,800 $5,200
24 R
(including 2 DDs),
2 W
20 R,
4 W
(including 1 DD)
6 R,
0 W

Combined Coryat: $37,200

[game clues] [game scores] [suggest correction]

Game tape date: 2009-03-24
The J! Archive is created by fans, for fans. Scraping, republication, monetization, and malicious use prohibited; this site may use cookies and collect identifying information. See terms. The Jeopardy! game show and all elements thereof, including but not limited to copyright and trademark thereto, are the property of Jeopardy Productions, Inc. and are protected under law. This website is not affiliated with, sponsored by, or operated by Jeopardy Productions, Inc. Join the discussion at JBoard.tv.